000 00469nam a2200157 i 4500
001 133847
003 ES-MaACL
005 20230906194538.0
007 t|
008 070831s1949 xxu ||||1| eng d
100 1 _aWright, Helen.
_9117410
245 1 0 _aSweeper in the sky
_b: the life of Maria Mitchell /
_cby Helen Wright.
260 _aNew York :
_bThe Macmillan Comp.,
_c1949.
300 _aVII, 253 p. :
_bil. ;
_c21 cm.
852 _aES-MaACL
_jC-25558
_bR.53754
999 _c133847
_d133847